000 00956nam a2200265Ia 4500
003 GCL
008 140319s9999 xx 000 0 ara d
020 _a6258001977
040 _aGCL /
_cGCL
082 0 4 _a725.5
_bم م
100 1 _aمحمد مصطفى حماد
245 1 0 _aالمعوقون والمسكن والمدينة بحث لوحدات المهندس المعمارى ومهندس البلدية نحو المعوقين /
_cمحمد مصطفى حماد
250 _aالاولى
260 _aالقاهرة :
_bالهيئة المصرية العامة للكتاب ،
_c1990
300 _a121 ص ؛
_c24 سم
490 _a
650 0 4 _aهندسة الانشاءات
650 0 4 _aالتصميم الانشائى
650 0 4 _aالعمارة
650 0 4 _aالرسم المعمارى
650 0 4 _aالمبانى العامة
650 0 4 _aالعمارة والمعوقون
650 0 4 _aالمعوقون
942 _2ddc
_cBK
999 _c27668
_d27668